[Event "English Open 2025"]
[Site "Kenilworth ENG"]
[Date "2025.07.19"]
[Round "4.30"]
[White "Manley, Jon P"]
[Black "Sefton, Adam"]
[Result "0-1"]
[WhiteElo "2096"]
[BlackElo "2047"]
[WhiteFideId "403296"]
[BlackFideId "343400965"]
[EventDate "2025.07.18"]

1. e4 e6 2. d4 d5 3. Nc3 Nf6 4. Bg5 dxe4 5. Nxe4 Be7 6. Bxf6 gxf6 7. Nc3 a6 8.
g3 Nc6 9. Nge2 f5 10. Bg2 Qd6 11. O-O Bd7 12. Qd2 O-O-O 13. Rad1 Be8 14. d5 e5
15. Qe3 Nb8 16. b4 h5 17. f4 e4 18. a3 Bd7 19. Nd4 Rdg8 20. Kf2 h4 21. Rg1 hxg3+
22. hxg3 Rxg3 23. Nxf5 Bxf5 24. Nxe4 Bxe4 25. Kxg3 Bh4+ 26. Kh2 Bg5+ 27. Bh3+
Bf5 28. Rxg5 Rxh3+ 29. Qxh3 Bxh3 30. Rg8+ Kd7 31. Kxh3 Qxf4 32. Rdg1 c6 33. c4
cxd5 34. cxd5 Qf3+ 35. R1g3 Qh5+ 36. Kg2 Qxd5+ 0-1

[Event "English Open 2025"]
[Site "Kenilworth ENG"]
[Date "2025.07.19"]
[Round "4.31"]
[White "Gunarathne, Senith Thenula"]
[Black "Norris, Zack"]
[Result "0-1"]
[WhiteElo "1876"]
[BlackElo "2032"]
[WhiteFideId "343104324"]
[BlackFideId "343431216"]
[EventDate "2025.07.18"]

1. e4 c5 2. Nf3 Nc6 3. d4 cxd4 4. Nxd4 g6 5. c4 Nf6 6. Nc3 d6 7. Be2 Nxd4 8.
Qxd4 Bg7 9. Be3 O-O 10. Qd1 Be6 11. O-O Rc8 12. Nd5 Nxe4 13. Bxa7 Bxb2 14. Rb1
Bxd5 15. Qxd5 Nc3 16. Qd2 Nxe2+ 17. Qxe2 Bf6 18. Rxb7 Qa5 19. Rfb1 Qa3 20. g3
Ra8 21. R1b3 Qc1+ 22. Kg2 Rfc8 23. R3b4 Qa3 24. Rb3 Qa6 25. Be3 Qxa2 26. Qd3 Qa6
27. Bd4 Bxd4 28. Qxd4 Rxc4 29. Qd5 Rc1 30. R3b5 Re8 31. Qg5 Qc6+ 32. Kh3 Qc8+
33. Kg2 Qc4 34. Rxe7 Qf1+ 35. Kf3 Rxe7 36. Rb8+ Kg7 37. Qxe7 Rc3+ 38. Kg4 h5+
39. Kh4 Rc4+ 40. Kg5 Rg4# 0-1

[Event "English Open 2025"]
[Site "Kenilworth ENG"]
[Date "2025.07.19"]
[Round "4.32"]
[White "Rughani, Mahin"]
[Black "Verbytski, Oleg"]
[Result "0-1"]
[WhiteElo "1854"]
[BlackElo "1998"]
[WhiteFideId "343417060"]
[BlackFideId "495506"]
[EventDate "2025.07.18"]

1. d4 d5 2. c4 e6 3. Nf3 Nf6 4. g3 Be7 5. Bg2 O-O 6. O-O dxc4 7. Qc2 a6 8. a4
Bd7 9. Qxc4 Bc6 10. Bg5 Bd5 11. Qc2 Be4 12. Qc1 Nc6 13. Nbd2 Bg6 14. e3 Rc8 15.
Bxf6 Bxf6 16. Qc3 Ne7 17. b4 Nd5 18. Qb2 b5 19. e4 Nb6 20. axb5 axb5 21. e5 Be7
22. Nb3 Bxb4 23. Nc5 Nd5 24. Qb3 c6 25. Ra7 Ra8 26. Rfa1 Rxa7 27. Rxa7 Qb8 28.
Ra6 Bxc5 29. dxc5 Qb7 30. Ra2 Qe7 31. Qa3 Qc7 32. Qb2 h6 33. h4 Rb8 34. Nd4 Bd3
35. f4 Bc4 36. Ra6 b4 37. Rxc6 Qa7 38. f5 b3 39. fxe6 fxe6 40. Nxe6 Qa2 41. Qd4
b2 42. Qg4 b1=Q+ 43. Kh2 Qxg2+ 44. Kxg2 Rb2+ 45. Kf3 Qd3# 0-1

[Event "English Open 2025"]
[Site "Kenilworth ENG"]
[Date "2025.07.19"]
[Round "4.33"]
[White "Okhai, Shabir"]
[Black "De Coverly, Roger D"]
[Result "1-0"]
[WhiteElo "2089"]
[BlackElo "1956"]
[WhiteFideId "445134"]
[BlackFideId "405213"]
[EventDate "2025.07.18"]

1. e4 e5 2. Nf3 Nc6 3. Bc4 Nf6 4. d3 Be7 5. O-O d6 6. a4 O-O 7. Re1 Kh8 8. Nc3
Ng8 9. Nd5 Be6 10. a5 a6 11. h3 Qd7 12. c3 Bxd5 13. Bxd5 Nd8 14. d4 Bf6 15. Bb3
Qe7 16. d5 g6 17. Bc2 Bg7 18. c4 f5 19. exf5 gxf5 20. Ra3 Qf7 21. Nh4 Ne7 22.
Bg5 Bf6 23. Rg3 e4 24. Qc1 Bxg5 25. Qxg5 Rg8 26. Qf4 Rxg3 27. fxg3 Qf6 28. Rxe4
Nf7 29. Re6 1-0

[Event "English Open 2025"]
[Site "Kenilworth ENG"]
[Date "2025.07.19"]
[Round "4.34"]
[White "Gibson, Christopher A"]
[Black "Varley, Joe"]
[Result "0-1"]
[WhiteElo "1837"]
[BlackElo "2023"]
[WhiteFideId "414697"]
[BlackFideId "461962"]
[EventDate "2025.07.18"]

1. d4 Nf6 2. c4 a6 3. Nc3 c5 4. Nf3 cxd4 5. Nxd4 e5 6. Nf3 Nc6 7. g3 d6 8. Bg2
Be6 9. b3 Be7 10. O-O O-O 11. e4 Qd7 12. Ng5 Bg4 13. f3 Bh5 14. h4 h6 15. Nh3
Rab8 16. g4 Bg6 17. h5 Bh7 18. a4 Na7 19. Be3 Ra8 20. a5 Nc6 21. Qd2 Bd8 22. Nd5
Nxd5 23. cxd5 Nb8 24. Kh1 Qb5 25. Rg1 Qe8 26. Qb4 Qe7 27. Ra2 Nd7 28. Bf1 Nf6
29. Rag2 Rc8 30. Qd2 Qc7 31. Bxh6 Nxe4 32. fxe4 gxh6 33. Bd3 Qc3 34. Qe3 Qd4 35.
Qxd4 exd4 36. Rc2 Rxc2 37. Bxc2 Bxa5 38. g5 hxg5 39. Nxg5 Kh8 0-1

[Event "English Open 2025"]
[Site "Kenilworth ENG"]
[Date "2025.07.19"]
[Round "4.35"]
[White "Mason, Donald J"]
[Black "Keerthi Kumar, Advait"]
[Result "1-0"]
[WhiteElo "2011"]
[BlackElo "1873"]
[WhiteFideId "405116"]
[BlackFideId "498033"]
[EventDate "2025.07.18"]

1. e4 Nf6 2. e5 Nd5 3. d4 d6 4. c4 Nb6 5. exd6 cxd6 6. Nc3 g6 7. Be3 Bg7 8. Rc1
O-O 9. b3 Nc6 10. d5 Ne5 11. Be2 Bf5 12. f4 Ned7 13. Nf3 Rc8 14. O-O Nf6 15. Nd4
Bd7 16. f5 Be8 17. h4 Nbd7 18. fxg6 hxg6 19. h5 Ne5 20. hxg6 Nxg6 21. Nf5 Bd7
22. Qd2 Bxf5 23. Rxf5 a6 24. a4 Qd7 25. Rcf1 Kh7 26. g4 Kg8 27. Bd4 Rce8 28. g5
Nh7 29. Bxg7 Kxg7 30. Qd4+ Kg8 31. Bg4 Qd8 32. Ne4 Qc7 33. Rxf7 Rxf7 34. Rxf7
Ne5 35. g6 Nxf7 36. gxf7+ Kxf7 37. Bh5+ 1-0

[Event "English Open 2025"]
[Site "Kenilworth ENG"]
[Date "2025.07.19"]
[Round "4.36"]
[White "Lapidus, Alexey M."]
[Black "Schell, Finn"]
[Result "0-1"]
[WhiteElo "1867"]
[BlackElo "1995"]
[WhiteFideId "24276111"]
[BlackFideId "343406378"]
[EventDate "2025.07.18"]

1. e4 c6 2. d4 d5 3. e5 c5 4. c3 Nc6 5. Be2 Bf5 6. Nf3 e6 7. O-O cxd4 8. Nxd4
Nge7 9. Bb5 a6 10. Bxc6+ bxc6 11. b4 Bg6 12. Nd2 Qc7 13. Re1 Nf5 14. N2b3 Nxd4
15. Qxd4 a5 16. Bg5 h6 17. Bh4 c5 18. Nxc5 Rc8 19. Nb3 a4 20. Na5 Qxc3 21. Qxc3
Rxc3 22. b5 Bb4 23. Nc6 Rc4 24. Bd8 Bxe1 25. b6 Kd7 26. b7 Rxd8 27. Nxd8 Rb4 28.
a3 Bxf2+ 29. Kxf2 Rb2+ 30. Ke3 Kxd8 31. Rc1 Rxb7 32. Kd4 Rc7 0-1

[Event "English Open 2025"]
[Site "Kenilworth ENG"]
[Date "2025.07.19"]
[Round "4.37"]
[White "Marsden, Samuel"]
[Black "Hertog, Alexander"]
[Result "1-0"]
[WhiteElo "2065"]
[BlackElo "1950"]
[WhiteFideId "343452841"]
[BlackFideId "488453"]
[EventDate "2025.07.18"]

1. e4 c6 2. d4 d5 3. exd5 cxd5 4. Bd3 Nf6 5. c3 Nc6 6. Bf4 Bg4 7. Qb3 Qd7 8. Nd2
e6 9. Ngf3 Bd6 10. Bxd6 Qxd6 11. O-O O-O 12. Rae1 Rab8 13. Ne5 Bh5 14. a3 Bg6
15. Nxg6 hxg6 16. Qd1 b5 17. Qe2 a6 18. f4 Na5 19. b4 Nc4 20. Nxc4 dxc4 21. Be4
a5 22. g3 axb4 23. axb4 Nxe4 24. Qxe4 Qd7 25. Ra1 Qb7 26. Qxb7 Rxb7 27. Ra5 Rd8
28. Re1 Kf8 29. Kf2 Rd5 30. Re5 Ke7 31. Kf3 Rxe5 32. fxe5 f6 33. Ke4 g5 34. g4
Kf7 35. Ra6 Rd7 36. Rb6 fxe5 37. Kxe5 Rd5+ 38. Ke4 Kf6 39. Rb8 Kf7 40. Rc8 Ke7
41. Rc5 Rxc5 42. dxc5 Kd7 43. Ke5 Ke7 44. c6 g6 45. h3 Kd8 46. Kxe6 Kc7 47. Kd5 1-0

[Event "English Open 2025"]
[Site "Kenilworth ENG"]
[Date "2025.07.19"]
[Round "4.38"]
[White "Anjulan, Ashwin"]
[Black "Welling, Zac"]
[Result "0-1"]
[WhiteElo "1880"]
[BlackElo "1966"]
[WhiteFideId "343411622"]
[BlackFideId "343414729"]
[EventDate "2025.07.18"]

1. e4 c5 2. Nc3 a6 3. f4 e6 4. Nf3 b5 5. g3 Bb7 6. Bg2 b4 7. Ne2 Bxe4 8. d3 Bb7
9. O-O Nf6 10. c3 Be7 11. d4 O-O 12. h3 Qc7 13. Be3 Rc8 14. Rc1 bxc3 15. bxc3
cxd4 16. cxd4 Qd8 17. Kh2 a5 18. Ne5 Rxc1 19. Qxc1 Bxg2 20. Kxg2 Na6 21. Qd2 Nb4
22. a3 Nbd5 23. Qd3 a4 24. Rb1 Qc7 25. Bd2 g6 26. Rb2 Kg7 27. g4 Ne8 28. f5 Nd6
29. fxg6 hxg6 30. Nf4 Nxf4+ 31. Bxf4 Rb8 32. Rc2 Qb7+ 33. Kh2 Qb3 34. Qd2 Ne4
35. Bh6+ Kg8 36. Qg2 d5 37. Nc6 Bd6+ 38. Ne5 Qxa3 39. Bf4 Qb3 40. Ra2 a3 41. h4
Qb2 42. Bc1 Qxc1 0-1

[Event "English Open 2025"]
[Site "Kenilworth ENG"]
[Date "2025.07.19"]
[Round "4.39"]
[White "Kendall, Arthur"]
[Black "Myall, Ivan J"]
[Result "1/2-1/2"]
[WhiteElo "1883"]
[BlackElo "1948"]
[WhiteFideId "343410960"]
[BlackFideId "425168"]
[EventDate "2025.07.18"]

1. d4 Nf6 2. Nf3 d5 3. c4 c6 4. Nc3 dxc4 5. a4 Bf5 6. e3 e6 7. Bxc4 Bb4 8. O-O
O-O 9. h3 h6 10. Qb3 Qe7 11. Bd2 a5 12. Rfe1 Bh7 13. Na2 Bxd2 14. Nxd2 Ne4 15.
Nxe4 Bxe4 16. f3 Bh7 17. e4 Qc7 18. d5 cxd5 19. exd5 exd5 20. Bxd5 Nc6 21. Rad1
Bg6 22. Nc3 Nb4 23. Be4 Bxe4 24. Nxe4 Ra6 25. Qc3 Rc6 26. Qd2 Qb6+ 27. Qf2 Qxf2+
28. Kxf2 Rc2+ 29. Re2 Rxe2+ 30. Kxe2 Re8 31. Kf2 Re7 32. Nc3 Rc7 33. Rd8+ Kh7
34. Kg3 Kg6 35. Rd6+ f6 36. Rb6 Rd7 37. Ne4 Nd5 38. Rb5 b6 39. Nc3 Nxc3 40. bxc3
Rd6 41. Kh2 Rc6 42. Rb3 Kf5 43. Kg3 g5 44. Rb5+ Kg6 45. Rb3 f5 46. Kh2 f4 47. h4
Kh5 48. Kh3 Rd6 49. hxg5 hxg5 50. Rb5 Rh6 51. g4+ fxg3 52. f4 Kg6+ 53. Kxg3
gxf4+ 54. Kxf4 Kf7 55. Ke3 Ke7 56. Kd3 Kd7 57. Kc4 Kc6 58. Rg5 Rh4+ 59. Kb3 Re4
60. Rh5 1/2-1/2

[Event "English Open 2025"]
[Site "Kenilworth ENG"]
[Date "2025.07.19"]
[Round "4.40"]
[White "Bolt, Graham"]
[Black "Vaddhireddy, Sai"]
[Result "0-1"]
[WhiteElo "1942"]
[BlackElo "1946"]
[WhiteFideId "410438"]
[BlackFideId "499560"]
[EventDate "2025.07.18"]

1. Nf3 d5 2. g3 Nd7 3. d4 Nb6 4. a4 a5 5. Bg2 Bf5 6. O-O Nf6 7. b3 e6 8. Nbd2
Be7 9. h3 h6 10. Bb2 O-O 11. c4 c6 12. Re1 Re8 13. Rc1 Nbd7 14. Kh2 Bd6 15. Ng1
Ne4 16. Nxe4 dxe4 17. e3 Nf6 18. Ne2 h5 19. Nf4 h4 20. d5 exd5 21. Bxf6 Qxf6 22.
cxd5 Rad8 23. Qc2 cxd5 24. Red1 Bxf4 25. gxf4 d4 26. exd4 e3 27. Qe2 exf2 28.
Qxf2 Be4 29. d5 Bxg2 30. Kxg2 Qg6+ 31. Kh2 Qh5 32. Re1 Qxd5 33. Rxe8+ Rxe8 34.
Re1 Rxe1 35. Qxe1 Qxb3 36. Qxh4 Qc2+ 37. Kg3 Qd3+ 38. Kf2 Qd2+ 39. Kf3 Qd5+ 40.
Ke3 g6 41. Kf2 Qd4+ 42. Kg3 Qg1+ 43. Kf3 Qd1+ 44. Ke3 Qxa4 45. Qd8+ Kg7 46. h4
Qb3+ 47. Ke4 Qe6+ 48. Kf3 Qf6 49. Qxa5 Qxh4 50. Qb6 Qh3+ 51. Kf2 Qd7 52. Kg3 Qc6
53. Qb2+ f6 54. Qb4 Qc7 55. Kg4 Qd7+ 56. Kg3 b5 57. Kh4 Qb7 58. Kg3 Qd7 59. Kh4
Qa7 60. Kg3 Qb7 61. Kh4 Qc7 62. Kg4 Kf7 63. Qd4 Qe7 64. Kg3 b4 65. Qd5+ Kg7 66.
Kf3 Qf7 67. Qd6 Qb7+ 0-1

[Event "English Open 2025"]
[Site "Kenilworth ENG"]
[Date "2025.07.19"]
[Round "4.41"]
[White "Clark, Robert G"]
[Black "Ellson, Louie"]
[Result "1/2-1/2"]
[WhiteElo "2037"]
[BlackElo "1854"]
[WhiteFideId "421162"]
[BlackFideId "343442056"]
[EventDate "2025.07.18"]

1. c4 e5 2. g3 Nf6 3. Bg2 Nc6 4. Nc3 Bc5 5. e3 O-O 6. Nge2 Re8 7. O-O d6 8. d4
exd4 9. exd4 Bb6 10. Bg5 h6 11. Bxf6 Qxf6 12. Nd5 Qd8 13. Nxb6 axb6 14. Nc3 Bf5
15. Qd2 Qd7 16. Rfe1 Rxe1+ 17. Rxe1 Re8 18. Rxe8+ 1/2-1/2

[Event "English Open 2025"]
[Site "Kenilworth ENG"]
[Date "2025.07.19"]
[Round "4.42"]
[White "Vaidyanathan, Sathya"]
[Black "Alldritt, Nigel R E"]
[Result "1-0"]
[WhiteElo "1878"]
[BlackElo "1918"]
[WhiteFideId "490539"]
[BlackFideId "404543"]
[EventDate "2025.07.18"]

1. e4 e6 2. d4 d5 3. Bd3 dxe4 4. Bxe4 Nf6 5. Bf3 c5 6. Ne2 Nc6 7. Be3 cxd4 8.
Nxd4 Nxd4 9. Qxd4 Qxd4 10. Bxd4 Bd6 11. Nc3 e5 12. Nb5 Bb8 13. Bc5 a6 14. Nd6+
Bxd6 15. Bxd6 e4 16. Be2 Be6 17. O-O-O O-O-O 18. Be5 Rxd1+ 19. Rxd1 Rd8 20. Bxf6
gxf6 21. Rxd8+ Kxd8 22. Kd2 Ke7 23. Ke3 f5 24. Kd4 Kd6 25. a3 f6 26. g3 Bf7 27.
c4 Be8 28. Bd1 a5 29. b4 axb4 30. axb4 b6 31. c5+ bxc5+ 32. bxc5+ Kc7 33. Bb3
Bh5 34. Bg8 h6 35. Kd5 Bd1 36. Bh7 Bb3+ 37. Kd4 Be6 38. Bg6 Kd7 39. Ke3 Kc6 40.
Kf4 Kxc5 41. Bxf5 1-0

[Event "English Open 2025"]
[Site "Kenilworth ENG"]
[Date "2025.07.20"]
[Round "5.1"]
[White "Vitiugov, Nikita"]
[Black "Adams, Michael"]
[Result "1/2-1/2"]
[WhiteTitle "GM"]
[BlackTitle "GM"]
[WhiteElo "2671"]
[BlackElo "2654"]
[WhiteFideId "4152956"]
[BlackFideId "400041"]
[EventDate "2025.07.18"]

1. e4 e5 2. Nf3 Nc6 3. Bb5 a6 4. Ba4 Nf6 5. O-O Be7 6. Bxc6 dxc6 7. d3 Nd7 8.
Nc3 O-O 9. a4 a5 10. Kh1 Re8 11. Nd2 Nf8 12. Nc4 Bf6 13. Ne2 Be6 14. Ne3 Bg5 15.
Bd2 Ng6 16. Qe1 b6 17. f3 Qd7 18. Qf2 c5 19. Bc3 Rf8 20. b3 Rae8 21. Rae1 h6 22.
Rg1 Kh7 23. Bb2 Kg8 24. Bc1 Kh7 25. g4 Bh4 26. Ng3 Nf4 27. Rgf1 g6 28. Qd2 1/2-1/2

[Event "English Open 2025"]
[Site "Kenilworth ENG"]
[Date "2025.07.20"]
[Round "5.2"]
[White "Merriman, John"]
[Black "Royal, Shreyas"]
[Result "0-1"]
[WhiteTitle "FM"]
[BlackTitle "GM"]
[WhiteElo "2194"]
[BlackElo "2484"]
[WhiteFideId "402362"]
[BlackFideId "448869"]
[EventDate "2025.07.18"]

1. d4 Nf6 2. c4 e6 3. Nc3 Bb4 4. e3 O-O 5. Bd3 d5 6. a3 Bxc3+ 7. bxc3 c6 8. Nf3
b6 9. cxd5 cxd5 10. Qe2 a5 11. O-O Ba6 12. Bxa6 Nxa6 13. c4 dxc4 14. Qxc4 Qd6
15. Qe2 Rfc8 16. e4 Qc6 17. Re1 Nb8 18. e5 Nd5 19. Bd2 Nd7 20. Ng5 Nf8 21. Ne4
Qa4 22. Qg4 Rc4 23. Be3 Ng6 24. Qg3 Qc6 25. Nd6 Rc2 26. h4 Nxe3 27. Rxe3 Rc1+
28. Rxc1 Qxc1+ 29. Kh2 Qd1 30. Re4 Rf8 31. f3 Qc1 32. f4 Qd1 33. f5 exf5 34.
Nxf5 Rc8 35. Re1 Qc2 36. Rf1 Qe2 37. Qf3 Qxf3 38. Rxf3 h5 39. Kg3 a4 40. Re3 Rc1
41. d5 Rc5 42. d6 Nf8 43. Kf4 Ne6+ 44. Kf3 Kf8 45. Ng3 g6 46. Ne2 Ke8 47. g3 Kd7
48. Nf4 Nd4+ 49. Ke4 Nc6 50. Nd5 Rc4+ 51. Kf3 Nd4+ 52. Kf4 Nc2+ 53. Re4 Rxe4+
54. Kxe4 b5 55. Nb6+ Kc6 56. d7 Kc7 57. Kd5 Nxa3 58. e6 fxe6+ 59. Kxe6 Kd8 60.
Nd5 Nc4 61. Nb4 Na5 62. Kd6 a3 63. Ke6 Nb7 64. Nc6+ Kc7 65. Nd4 a2 0-1

[Event "English Open 2025"]
[Site "Kenilworth ENG"]
[Date "2025.07.20"]
[Round "5.3"]
[White "Wadsworth, Matthew J"]
[Black "Roberson, Peter T"]
[Result "1/2-1/2"]
[WhiteTitle "IM"]
[BlackTitle "IM"]
[WhiteElo "2476"]
[BlackElo "2433"]
[WhiteFideId "415804"]
[BlackFideId "412384"]
[EventDate "2025.07.18"]

1. c4 e6 2. g3 d5 3. Bg2 Nf6 4. Nf3 dxc4 5. Qa4+ Bd7 6. Qxc4 c5 7. Ne5 Qc8 8.
Qd3 Bc6 9. Nxc6 Nxc6 10. Nc3 Be7 11. O-O O-O 12. b3 Rd8 13. Qb1 Qd7 14. Rd1 Rac8
15. Bb2 a6 16. d3 b5 17. Qc1 h6 18. h3 Nd5 19. Qd2 Qa7 20. Nxd5 exd5 21. e3 a5
22. a4 b4 23. Rac1 Qd7 24. Qe2 Qd6 25. Qg4 Ne5 26. Qf5 Ng6 27. h4 Nf8 28. Rc2
Ne6 29. Rdc1 d4 30. e4 g6 31. Qf3 h5 32. Bh3 Bf8 33. Rc4 Rc7 34. Re1 Bh6 35. e5
Qe7 36. Qe4 Ra7 37. Kg2 Nc7 38. Qc6 Rd5 39. Qf6 Ne8 40. Qxe7 Rxe7 41. f4 Nd6 42.
Rc2 Nf5 43. Bxf5 gxf5 44. Rec1 Rc7 45. Rc4 Bf8 46. Rxd4 cxd4 47. Rxc7 Rc5 48.
Rxc5 Bxc5 49. Bc1 Kh7 50. Bd2 Kg6 51. Be1 Bb6 52. Bf2 Bc5 53. Kf3 Bb6 54. Bg1
Bc5 55. Bf2 Bb6 56. Bg1 1/2-1/2

[Event "English Open 2025"]
[Site "Kenilworth ENG"]
[Date "2025.07.20"]
[Round "5.4"]
[White "Maroroa Jones, Gawain C B"]
[Black "Emms, John M"]
[Result "1/2-1/2"]
[WhiteTitle "GM"]
[BlackTitle "GM"]
[WhiteElo "2653"]
[BlackElo "2417"]
[WhiteFideId "409561"]
[BlackFideId "400254"]
[EventDate "2025.07.18"]

1. c4 c6 2. Nf3 d5 3. g3 g6 4. Bg2 Bg7 5. O-O Nf6 6. b3 Ne4 7. d4 O-O 8. Bb2 a5
9. Nbd2 Bf5 10. Re1 a4 11. Ba3 Re8 12. e3 Nxd2 13. Nxd2 e5 14. cxd5 cxd5 15.
dxe5 Bxe5 16. Rc1 Nc6 17. bxa4 Qa5 18. Nf3 Qxa4 19. Nxe5 Nxe5 20. Rc3 Be4 21.
Rb3 Rac8 22. Rd3 Qa5 23. Rb3 Bc2 24. Qa1 Bxb3 25. axb3 d4 26. Bxb7 Rb8 27. b4
Qa4 28. Bd5 Rbd8 29. exd4 Rxd5 30. dxe5 Red8 31. e6 fxe6 32. Qf6 Qxa3 33. Qxe6+
Kg7 34. Qe7+ Kg8 35. Qe6+ Kg7 36. Qe7+ Kg8 37. Qe6+ 1/2-1/2

[Event "English Open 2025"]
[Site "Kenilworth ENG"]
[Date "2025.07.20"]
[Round "5.5"]
[White "Clarke, Brandon G I"]
[Black "Shearsby, Jude"]
[Result "0-1"]
[WhiteTitle "IM"]
[BlackTitle "CM"]
[WhiteElo "2500"]
[BlackElo "2224"]
[WhiteFideId "400319"]
[BlackFideId "462527"]
[EventDate "2025.07.18"]

1. Nf3 d5 2. g3 Nd7 3. d4 Nb6 4. Bg2 Bf5 5. O-O Nf6 6. Nbd2 e6 7. Nh4 Be7 8. f3
h6 9. Nxf5 exf5 10. c3 g5 11. e4 f4 12. gxf4 gxf4 13. Bh3 Nh5 14. Kh1 Rg8 15. e5
Bh4 16. Bg4 Ng3+ 17. hxg3 Bxg3 18. Kg2 h5 19. e6 hxg4 20. exf7+ Kxf7 21. fxg4
Qe7 22. Rh1 Rh8 23. Nf3 Qe4 24. b3 Rxh1 25. Kxh1 Rh8+ 26. Kg1 Kg7 27. Qf1 Nd7
28. g5 Nf8 29. Bd2 Ng6 30. Qg2 Nh4 31. Nxh4 Rxh4 32. Qxe4 dxe4 33. c4 e3 34. Be1
Rg4 35. Kf1 f3 36. Bxg3 Rxg3 37. Re1 f2 38. Re2 Rg1# 0-1

[Event "English Open 2025"]
[Site "Kenilworth ENG"]
[Date "2025.07.20"]
[Round "5.6"]
[White "Merry, Alan B"]
[Black "Ghasi, Ameet K"]
[Result "1/2-1/2"]
[WhiteTitle "IM"]
[BlackTitle "GM"]
[WhiteElo "2400"]
[BlackElo "2511"]
[WhiteFideId "418811"]
[BlackFideId "409200"]
[EventDate "2025.07.18"]

1. d4 Nf6 2. c4 g6 3. g3 Bg7 4. Bg2 O-O 5. Nc3 d6 6. Nf3 c5 7. d5 e6 8. O-O exd5
9. cxd5 Re8 10. Bf4 h6 11. Qc1 g5 12. Bd2 Bf5 13. h4 g4 14. Ne1 Kh7 15. Nc2 Bg6
16. Ne3 Qd7 17. a4 Na6 18. Nc4 Nb4 19. Bf4 Bf8 20. Qd2 Nh5 21. Rad1 Rad8 22. e4
Nxf4 23. gxf4 Qe7 24. f5 Bh5 25. Qf4 Qxh4 26. Ne2 Be7 27. Qg3 Rg8 28. Qxh4 Bxh4
29. Nf4 Rg5 30. Rd2 f6 31. Ne6 Rgg8 32. Nxd8 Rxd8 33. f4 gxf3 34. Bxf3 Bxf3 35.
Rxf3 Bg5 1/2-1/2

[Event "English Open 2025"]
[Site "Kenilworth ENG"]
[Date "2025.07.20"]
[Round "5.7"]
[White "Bates, Richard A"]
[Black "Willow, Jonah B"]
[Result "0-1"]
[WhiteTitle "IM"]
[BlackTitle "IM"]
[WhiteElo "2292"]
[BlackElo "2457"]
[WhiteFideId "403555"]
[BlackFideId "438804"]
[EventDate "2025.07.18"]

1. d4 Nf6 2. Nf3 g6 3. g3 Bg7 4. c4 d6 5. Bg2 Bf5 6. h3 O-O 7. O-O c5 8. Nc3 Ne4
9. Nd5 Nc6 10. e3 Be6 11. Qc2 f5 12. Nf4 Bf7 13. d5 Nb4 14. Qe2 g5 15. Ne6 Bxe6
16. dxe6 Qc8 17. Nd2 Nf6 18. a3 Nc6 19. Bd5 b5 20. e4 Nd4 21. Qd3 Rb8 22. exf5
Nxd5 23. cxd5 Rxf5 24. Ne4 h6 25. Nc3 Qb7 26. Be3 Rbf8 27. Rad1 a6 28. f4 gxf4
29. gxf4 a5 30. b4 axb4 31. axb4 Qc8 32. bxc5 dxc5 33. Kh1 b4 34. Ne2 Rxd5 35.
Bxd4 cxd4 36. f5 Qa8 37. Kh2 Qa3 38. Qe4 Re5 39. Qg4 Qb2 40. Rf2 Rfxf5 41. Rdf1
Rxf2+ 42. Rxf2 d3 43. Qg6 Rxe2 44. Qf7+ Kh8 0-1

[Event "English Open 2025"]
[Site "Kenilworth ENG"]
[Date "2025.07.20"]
[Round "5.8"]
[White "Carroll, Thomas"]
[Black "Harvey, Marcus R"]
[Result "1/2-1/2"]
[BlackTitle "IM"]
[WhiteElo "2124"]
[BlackElo "2445"]
[WhiteFideId "450111"]
[BlackFideId "400092"]
[EventDate "2025.07.18"]

1. d4 e6 2. c4 Nf6 3. Nc3 Bb4 4. e3 O-O 5. Bd2 b6 6. Nf3 Bb7 7. Bd3 c5 8. a3
Bxc3 9. Bxc3 cxd4 10. Bxd4 d6 11. Bc3 Nbd7 12. O-O Nc5 13. Ng5 e5 14. Bc2 h6 15.
Nh3 Nfe4 16. Be1 Rc8 17. f3 Ng5 18. Nxg5 hxg5 19. Bf5 Rc7 20. Rc1 g6 21. Bb1 Qe7
22. b4 Ne6 23. Rf2 Rfc8 24. Rfc2 Ng7 25. Rc3 Nh5 26. Qd3 e4 27. fxe4 Nf6 28. Qd4
Bxe4 29. Bg3 Rd7 30. Rf1 Bxb1 31. Rxf6 d5 32. c5 bxc5 33. bxc5 Rb7 34. Bd6 Qe4
35. Rf3 Qe6 36. Rf6 Qe4 37. Rf3 Qe6 38. Rf6 1/2-1/2

[Event "English Open 2025"]
[Site "Kenilworth ENG"]
[Date "2025.07.20"]
[Round "5.9"]
[White "Badacsonyi, Stanley"]
[Black "Merriman, James"]
[Result "1-0"]
[WhiteTitle "FM"]
[WhiteElo "2318"]
[BlackElo "2048"]
[WhiteFideId "486973"]
[BlackFideId "452270"]
[EventDate "2025.07.18"]

1. Nf3 Nf6 2. g3 g6 3. Bg2 Bg7 4. O-O O-O 5. c4 c5 6. Nc3 Nc6 7. d4 cxd4 8. Nxd4
Nxd4 9. Qxd4 d6 10. Qd3 Rb8 11. Rd1 b6 12. e4 Nd7 13. Be3 Ne5 14. Qe2 Ba6 15.
Nb5 Rc8 16. b3 Bxb5 17. cxb5 Qd7 18. h3 Qc7 19. Rac1 Qb8 20. f4 Nd7 21. Rc6 Nc5
22. Qc2 a5 23. a3 Rxc6 24. bxc6 Rc8 25. b4 axb4 26. axb4 Rxc6 27. e5 Rc8 28.
bxc5 bxc5 29. exd6 exd6 30. Bd5 Re8 31. Bf2 Qb2 32. Qxb2 Bxb2 33. Bc4 Re4 34.
Bd5 Re7 35. Kf1 h6 36. Rb1 Bf6 37. Rb6 Rd7 38. Ke2 g5 39. Kf3 gxf4 40. gxf4 Kg7
41. Kg4 Kg6 42. Be4+ Kg7 43. Kf5 Bd8 44. Rb7 Rxb7 45. Bxb7 Kf8 46. Bd5 Kg7 47.
Be1 Bf6 48. Ba5 Be7 49. Bc3+ Kg8 50. Bf6 Bf8 51. Kg4 Bg7 52. Bxg7 Kxg7 53. Kf5
f6 54. h4 1-0

[Event "English Open 2025"]
[Site "Kenilworth ENG"]
[Date "2025.07.20"]
[Round "5.10"]
[White "Badacsonyi, Frankie"]
[Black "Jackson, James P"]
[Result "0-1"]
[WhiteTitle "FM"]
[BlackTitle "IM"]
[WhiteElo "2170"]
[BlackElo "2371"]
[WhiteFideId "460400"]
[BlackFideId "416860"]
[EventDate "2025.07.18"]

1. c4 Nf6 2. g3 g6 3. Bg2 Bg7 4. Nc3 O-O 5. d4 d6 6. h3 a6 7. Nf3 Nc6 8. O-O Rb8
9. b3 Bd7 10. Bb2 b5 11. cxb5 axb5 12. Rc1 b4 13. Na4 Na5 14. Qc2 Bxa4 15. bxa4
c6 16. Nd2 d5 17. Rfe1 Nd7 18. e3 Qb6 19. Bf1 Rfc8 20. Nb3 e6 21. Nc5 Nxc5 22.
Qxc5 Bf8 23. Qxb6 Rxb6 24. Rc2 Ra8 25. Rec1 Nb7 26. Rxc6 Rxc6 27. Rxc6 Rxa4 28.
Ra6 Na5 29. Kg2 Rxa2 30. Bd3 Kg7 31. Kf3 Be7 32. e4 Bg5 33. exd5 exd5 34. Be2
Bd2 35. Bd1 b3 36. Bxb3 Rxb2 37. Bxd5 Be1 38. Ke3 Bxf2+ 39. Kd3 Be1 40. Ra7 Rf2
41. Ke3 Rf6 42. Ke2 Bb4 43. Rc7 h5 44. Ke3 Be1 45. g4 hxg4 46. hxg4 Bg3 47. Rc2
Rb6 48. Rg2 Bc7 49. Rc2 Bd8 50. Rc8 Rd6 51. Ke4 Rd7 52. Ra8 Kf6 53. Ra6+ Ke7 54.
Ba2 Nb7 55. Bb3 Nd6+ 56. Ke3 Rb7 57. Bxf7 Kxf7 58. Rxd6 Re7+ 59. Kf3 Bc7 60. Rc6
g5 61. Rc3 Bf4 62. Rb3 Ke6 63. Rb5 Kd6 64. Ra5 Re3+ 65. Kf2 Rd3 0-1